Mots par définition #17 - Parties du corps - Statistiques

Statistiques générales
  • Ce quiz a été pris 760 fois
  • Le résultat moyen est 12 sur 15
Statistiques - réponses
Genre Définition Nom % Correct
Nom Masculin Cinquième doigt de la main ; petit doigt. Auriculaire
92%
Nom Masculin Lame cornée d'origine épidermique qui couvre le dessus du bout des doigts et des orteils. Ongle
92%
Nom Féminin Organe constituant le revêtement extérieur du corps de l'homme et de beaucoup d'animaux. Peau
91%
Nom Masculin Disque coloré de la partie antérieure de l'œil, visible à travers la cornée, placé devant le cristallin et percé en son centre d'un orifice à diamètre variable, la pupille. Iris
90%
Nom Masculin Long segment du tube digestif constitué par le duodénum, le jéjunum, l'iléon, le cæcum, le côlon et le rectum. Intestin
86%
Nom Féminin Vaisseau qui ramène le sang des organes vers le cœur, par opposition à l'artère. Veine
86%
Nom Féminin Chacun des segments articulés qui composent les doigts et les orteils. Phalange
85%
Nom Féminin Chacun des os courts constituant la colonne vertébrale (24 chez l'homme). Vertèbre
84%
Nom Féminin Articulation qui unit le bras au thorax. Epaule
83%
Nom Masculin Région du membre supérieur située entre la main et l'avant-bras, et contenant le carpe. Poignet
80%
Nom Féminin Principale artère de l'organisme, naissant à la base du ventricule gauche et distribuant le sang oxygéné par les poumons dans tout le corps. Aorte
79%
Nom Féminin Organe formé de voiles musculo-membraneux, placés au-devant des globes oculaires, qu'ils recouvrent en se rapprochant. Paupière
78%
Nom Masculin Os unique du bras, qui s'articule à l'épaule avec la cavité glénoïde de l'omoplate et au coude avec le cubitus et le radius. Humérus
74%
Nom Féminin Dent située entre les canines et les molaires (au nombre de 4 sur chaque maxillaire, servent à écraser les aliments). Prémolaire
68%
Nom Masculin Chacun des trois muscles peauciers de la pommette. Zygomatique
49%
Aucun quiz correspondant
Distribution des résultats
% des personnes avec chaque résultat
Percentile par nombre de réponses
Votre historique - résultats
Vous n’avez pas pris ce quiz